Assessment of BIM'S Application on Construction Projects Life Cycle, Its Current State-of-Awareness & a Case-study / (Record no. 536162)

000 -LEADER
fixed length control field 00609nam a22001577a 4500
082 ## - DEWEY DECIMAL CLASSIFICATION NUMBER
Classification number 200
100 ## - MAIN ENTRY--PERSONAL NAME
Personal name Jamil, Mohsin
245 ## - TITLE STATEMENT
Title Assessment of BIM'S Application on Construction Projects Life Cycle, Its Current State-of-Awareness & a Case-study /
Statement of responsibility, etc. Mohsin Jamil
260 ## - PUBLICATION, DISTRIBUTION, ETC.
Place of publication, distribution, etc. Islamabad :
Name of publisher, distributor, etc. MCE - NUST,
Date of publication, distribution, etc. 2015.
300 ## - PHYSICAL DESCRIPTION
Extent 84 p. ;
Dimensions 30cm.
650 ## - SUBJECT ADDED ENTRY--TOPICAL TERM
Topical term or geographic name entry element MS-Construction Engineering and Management
700 ## - ADDED ENTRY--PERSONAL NAME
Personal name Supervisor: Dr. Sarfraz Ahmed
856 ## - Uniform Resource Identifier
Uniform Resource Identifier <a href="http://10.250.8.41:8080/xmlui/handle/123456789/11779">http://10.250.8.41:8080/xmlui/handle/123456789/11779</a>
942 ## - ADDED ENTRY ELEMENTS (KOHA)
Source of classification or shelving scheme
Koha item type Soft Copy
650 ## - SUBJECT ADDED ENTRY--TOPICAL TERM
-- 126573
700 ## - ADDED ENTRY--PERSONAL NAME
-- 126593
Holdings
Withdrawn status Lost status Source of classification or shelving scheme Damaged status Not for loan Permanent Location Current Location Shelving location Date acquired Full call number Barcode Date last seen Price effective from Koha item type
          Central Library (CL) Central Library (CL) Thesis 10/01/2020 200 CL-T-6403 10/01/2020 10/01/2020 Soft Copy
© 2023 Central Library, National University of Sciences and Technology. All Rights Reserved.